| 000 | 00550nam a2200145 a 4500 | ||
|---|---|---|---|
| 001 | 000031864 | ||
| 005 | 20200930063236.0 | ||
| 008 | 110707s1995 dr ad 000 0 spa d | ||
| 040 |
_aDO-SdBNP _bspa _cBNPHU |
||
| 110 | 2 |
_aBanco Central de la República Dominicana _bDepartamento de Programación Monetaria y Estadísticas Economicas _958078 |
|
| 245 | 1 | 0 | _aComportamiento de los principales agregados macroeconómicos durante el primer semestre de 1995. |
| 260 |
_aSanto Domingo : _bBanco Central, _c1995. |
||
| 300 |
_a11 p. ; _c28 cm. |
||
| 049 | _aBNPD | ||
| 999 |
_c31356 _d31356 |
||